MARC details
| 000 -CABECERA |
| campo de control de longitud fija |
02493nam a2200241 a 4500 |
| 001 - NÚMERO DE CONTROL |
| campo de control |
000005419 |
| 003 - IDENTIFICADOR DEL NÚMERO DE CONTROL |
| campo de control |
DO-SdBNP |
| 005 - FECHA Y HORA DE LA ÚLTIMA TRANSACCIÓN |
| campo de control |
20250421114358.0 |
| 008 - DATOS DE LONGITUD FIJA--INFORMACIÓN GENERAL |
| campo de control de longitud fija |
090819s1982 es r 001 0 spa d |
| 020 ## - NÚMERO INTERNACIONAL ESTÁNDAR DEL LIBRO |
| Número Internacional Estándar del Libro |
8400052102 |
| 040 ## - FUENTE DE LA CATALOGACIÓN |
| Centro catalogador/agencia de origen |
DO-SdBNP |
| Lengua de catalogación |
spa |
| Centro/agencia transcriptor |
BNPHU |
| 082 ## - NÚMERO DE LA CLASIFICACIÓN DECIMAL DEWEY |
| Número de clasificación |
001.44 |
| -- |
N677a |
| 245 10 - MENCIÓN DE TÍTULO |
| Título |
Apuntes para una política científica : |
| Resto del título |
dos años de investigación en el CSIC, 1980-1982 / |
| Mención de responsabilidad, etc. |
Alejandro Nieto ... [et al.]. |
| 260 ## - PUBLICACIÓN, DISTRIBUCIÓN, ETC. |
| Lugar de publicación, distribución, etc. |
Madrid : |
| Nombre del editor, distribuidor, etc. |
Consejo Superior de Investigaciones Científicas, |
| Fecha de publicación, distribución, etc. |
1982. |
| 300 ## - DESCRIPCIÓN FÍSICA |
| Extensión |
295 p. ; |
| Dimensiones |
24 cm. |
| 505 1# - NOTA DE CONTENIDO CON FORMATO |
| Nota de contenido con formato |
Presentación / A. Nieto -- Primera parte: Avatares de una política científica institucional -- Programa de actuación del CSIC / A. Nieto -- Las dificultades de investigar en España: El CSIC / A. Nieto -- Balance del año 1981 / A. Nieto -- Tarea inacabada: ¿Tarea imposible? / A. Nieto -- Segunda parte: Actividades del CSIC -- Política científica del CSIC / J. M. Gómez Fatou -- Relaciones del CSIC con otros organismos / J. M. Gómez Fatou. Algunos aspectos de la cooperación científica y técnica internacional de España / José A. Muñoz-Delgado -- El CSIC y el futuro. La Biotecnología como desafío / E. Muñoz. El CSIC: su organización y programas en el campo de las ciencias agrarias y en el de las tecnologías de los alimentos / Teresa Mendizábal -- Contribución del CSIC a la tecnología de alimentos / Concepción Llaguno -- Banco de datos del CSIC / Concepción Llauno -- Tercera parte: Política científica nacional --La investigación científica en España / A. Nieto -- Investigación de base en España / E. Muñoz y F. Catalina -- Política científica, innovación y empleo / E. Muñoz -- divorcio entre ciencia e industria en España. Problema económico y realidad sociocultural / E. Muñoz -- La ciencia y el científico ante la innovación y el innovador / A. Nieto -- El plan nacional de investigación / A Nieto -- Adaptación de la juventud al cambio científico y tecnológico / A. Nieto -- Palabras pronunciadas en la sesión inagural del Congreso SIRME Madrid, 1981 / A. Nieto -- Prólogo a "Tónicos de la voluntad", de Santiago Ramón y Cajal / A. Nieto. |
| 650 #4 - PUNTO DE ACCESO ADICIONAL DE MATERIA--TÉRMINO DE MATERIA |
| Término de materia o nombre geográfico como elemento de entrada |
Política científica |
| Subdivisión geográfica |
España |
| Subdivisión general |
Ensayos, conferencias, etc. |
| 9 (RLIN) |
15381 |
| 650 #4 - PUNTO DE ACCESO ADICIONAL DE MATERIA--TÉRMINO DE MATERIA |
| Término de materia o nombre geográfico como elemento de entrada |
Investigación y desarrollo |
| 9 (RLIN) |
7087 |
| 650 #4 - PUNTO DE ACCESO ADICIONAL DE MATERIA--TÉRMINO DE MATERIA |
| Término de materia o nombre geográfico como elemento de entrada |
Proyectos de investigación |
| 9 (RLIN) |
12 |
| 710 12 - PUNTO DE ACCESO ADICIONAL--NOMBRE DE ENTIDAD CORPORATIVA |
| Nombre de entidad corporativa o nombre de jurisdicción como elemento de entrada |
Consejo Superior de Investigaciones Científicas. (España) |
| 9 (RLIN) |
15382 |
| 910 ## - DATOS DE OPCIÓN DEL USUARIO (OCLC) |
| Datos de opción del usuario |
Validado. Control de calidad. MMOLINA |
| 942 ## - ELEMENTOS DE PUNTO DE ACCESO ADICIONAL (KOHA) |
| Fuente del sistema de clasificación o colocación |
Dewey Decimal Classification |
| Tipo de ítem Koha |
Libro |